Совершенствование технологии шахтного строительства: межвузовский сборник научных трудов

Sonraí bibleagrafaíochta
Údar corparáideach: Кузбасский политехнический институт
Rannpháirtithe: Петров А. И. (редактор)
Teanga:Rúisis
Foilsithe / Cruthaithe: Кемерово, Изд-во КузПИ, 1990
Ábhair:
Formáid: LEABHAR
KOHA link:https://koha.lib.tpu.ru/cgi-bin/koha/opac-detail.pl?biblionumber=200351

MARC

LEADER 00000nam0a2200000 4500
001 200351
005 20231031184650.0
035 |a (RuTPU)RU\TPU\book\218419 
090 |a 200351 
100 |a 20110905d1990 k y0rusy50 ca 
101 0 |a rus 
102 |a RU 
105 |a a z 001zy 
200 1 |a Совершенствование технологии шахтного строительства  |e межвузовский сборник научных трудов  |f Кузбасский политехнический институт; под ред. А. И. Петрова 
210 |a Кемерово  |c Изд-во КузПИ  |d 1990 
215 |a 136 с.  |c ил. 
320 |a Библиография в конце статей 
610 1 |a шахтное строительство 
610 1 |a технология 
610 1 |a совершенствование 
610 1 |a шахты 
610 1 |a сооружения 
610 1 |a исследование 
675 |a 622.333.012.2:69  |v 3 
702 1 |a Петров  |b А. И.  |4 340 
712 0 2 |a Кузбасский политехнический институт  |c (Кемерово)  |2 stltpush  |3 (RuTPU)RU\TPU\col\4382 
801 1 |a RU  |b 63413507  |c 20110905 
801 2 |a RU  |b 63413507  |c 20110912  |g RCR 
942 |c BK